Estatísticas para Cultura Geral

Clique aqui para jogar o quiz

Estatísticas Gerais

  • Esse quiz foi jogado 6 vezes
  • A pontuação média é 6 de 15

Estatísticas das Respostas

HintResposta% Correto
Em que país podemos encontrar a sede da empresa Western Union?Estados Unidos
100%
Qual é o décimo primeiro mês do ano pelo calendário gregoriano e tem 30 dias?Novembro
100%
Que nome damos ao local onde são vendidos ingressos para entrar em um evento?Bilheteria
75%
Que nome damos ao momento no dia de transição para o outro dia, com precisão de horas?Meia-noite
75%
Que nome damos a linhas verticais imaginárias que cortam a Terra do sul ao norte?Meridiano
75%
Que nome damos á principal cidade de uma entidade política?Capital
50%
Que nome damos á palavra que se refere a um substantivo indicando-lhe um atributo?Adjetivo
25%
Que nome damos á unidade de tempo com duração de 24 horas?Dia
25%
Que nome damos ao julgamento, ponto de vista, ou declaração que não é conclusiva; pode lidar com questões subjetivas nas quais não há uma descoberta conclusiva?Opinião
25%
Que nome damos ao estado de consciência em que um indivíduo é consciente e se envolve em respostas cognitivas e comportamentais coerentes ao mundo externo?Acordar
0%
Que ciência social aplicada tem como objeto de estudo o património de entidades?Contabilidade
0%
Que nome damos a uma opinião ou juízo de valor?Crítica
0%
Que nome damos á projeção sobre a esfera celeste da trajetória aparente do Sol observada a partir da Terraprojeção sobre a esfera celeste da trajetória aparente do Sol observada a partir da Terra?Eclíptica
0%
Que nome damos ao conjunto de ações com o intuito de se obter lucro?Investimento
0%
Que nome damos ao valor monetário expresso numericamente associado a uma mercadoria, serviço ou património?Preço
0%

Distribuição das Pontuações

Percentil de Números Respondidos

Porcentagem de Pessoas com Cada Pontuação

Sua Pontuação Histórica

Você não jogou esse quiz